000 00716nam a2200217Ia 4500
003 GCL
008 140319s9999 xx 000 0 ara d
020 _a8369117977
040 _aGCL /
_cGCL
082 0 4 _aق
_b926
_bع ل
100 1 _aعادل جزارين
245 1 0 _aلقطات من حياتى مع الصناعة المصرية /
_cعادل جزارين
260 _a[S.N] :
_bد. ن ،
_c2006
300 _a157 ص ؛
_c24 سم
650 0 4 _aالرجال - تراجم
650 0 4 _aمصر - الاحوال الاقتصادية
650 0 4 _aعادل اسماعيل جزارين
650 0 4 _aالصناعات - مصر - تراجم
650 0 4 _aالمهندسون المصريون
942 _2ddc
_cBK
999 _c9611
_d9611